| 000 | 00799nam a22002417a 4500 | ||
|---|---|---|---|
| 005 | 20170124110040.0 | ||
| 010 | _a475735 | ||
| 020 | _c00.00 | ||
| 035 | _a475735 | ||
| 037 | _bCen Lib/Ret | ||
| 040 |
_aDPL _bEN |
||
| 082 |
_a881 _bENG |
||
| 245 |
_aEnglish poems for all peoples : _ccompiled by Donald Mattam;illustrated by D.T.Samuel _ban anthology for children studying english as a second language Book 1 / |
||
| 260 |
_bPergamon Press _c1966 _aLondon |
||
| 270 | _aHeadington Hill Hall,Oxford, 4 & 5 Fitzroy Square | ||
| 300 |
_axii,50p. : _c18cm(Hb) _bill. |
||
| 500 | _aIncludes index | ||
| 650 |
_aChildren's poetry _923643 |
||
| 650 |
_aPoems for all. _923644 |
||
| 700 |
_aMattam, Donald _923645 |
||
| 700 |
_aSamuel, D.T. _923646 |
||
| 942 |
_2ddc _cEN _h881 _mENG |
||
| 999 |
_c128513 _d128513 |
||